000 02176nam a22002655a 4500
003 OSt
005 20170115113723.0
008 170114s2015 ua a fr 000 0 ara d
040 _aEG-ScBUE
_bara
_cEG-ScBUE
043 _af-ua---
082 0 4 _a625.70962
_bك و د
_222
110 1 _aمصر.
_bوزارة الإسكان والمرافق والمجتمعات العمرانية.
_bالمركز القومي لبحوث الإسكان والبناء.
245 1 2 _aالكود المصري لأسس تصميم واشتراطات تنفيذ أعمال الطرق الحضرية والخلوية :
_bكود رقم 104 - 2008 /
_cالمركز القومي لبحوث الإسكان والبناء، وزارة الإسكان والمرافق والمجتمعات العمرانية ؛ اللجنة الدائمة للإعداد الكود المصري.
246 3 3 _aالكود المصري لأعمال الطرق الحضرية والخلوية
260 _aالقاهرة :
_bوزارة الإسكان والمرافق والمجتمعات العمرانية، المركز القومي لبحوث الإسكان والبناء،
_c2015.
300 _aمج. <1، 3، 4، 5، 6، 7، 8، 9، 10> :
_bإيض. ؛
_c28 سم.
505 1 _aمج. 1. 104 / 1: الدراسات الأولية للطرق -- مج. 3. 104 / 3 : التصميم الهندسي للطرق -- مج. 4. 104 / 4 : مواد الطرق واختباراتها -- مج. 5. 104 / 5 : تصميم وإنشاء الجسور -- مج. 6. 104 / 6 : التصميم الإنشائي للطرق -- مج. 7. 104 / 7 : حماية الطرق من الأمطار والسيول والرمال المتحركة -- مج. 8. 104 / 8 : معدات تنفيذ الطرق -- مج. 9. 104 / 9 : اشتراطات تنفيذ أعمال الطرق داخل وخارج المدن -- مج. 10. 104 /10 : أعمال الصيانة.
650 7 _aهندسة الطرق
_zمصر.
_2BUEsh
650 7 _aالطرق
_xتصميم
_zمصر.
_2BUEsh
650 7 _aرصف الطرق
_zمصر.
_2BUEsh
651 _2BUEsh
653 _bENGARC
_cJanuary2017
710 2 _aاللجنة الدائمة للإعداد الكود المصري.
942 _2ddc
999 _c23924
_d23896